00345nam a2200109Ia 4500008004100000082001900041100002500060245002500085260003900110630001800149650006800167211109s9999||||xx |||||||||||||| ||und|| a891.433bBHA-V aBhatti, Deshrajsingh 0aVidhyapathi Padavali bVinode Pustaka ManthiraAgrac2013 xGeneral stack aHindi literaturevHindi fictionxLiterature & rhetoricGeneralia